00310nam a2200133Ia 45000030006000000080041000060400015000471000021000622450051000832600009001343000006001435460010001490050017001590STCL150530s9999 xx 000 0 und d aSTCLcSTCL aVed Prakash Soni aAksharmala Rajbhasha Agresi - Hindi Sabdh Kosh c2010 a0 aHindi20220125165812.0